000 00690nam a2200229 i 4500
001 bg
100 1 _aRATUSZNIAK, Edward
245 1 0 _aAgrobiologia :
_bskrypt dla studentów biologii /
_cEdward Ratuszniak, Izabela Ratuszniak ; Wyższa Szkoła Pedagogiczna w Słupsku.
260 _aSłupsk :
_bWSP. Wydaw. Uczelniane,
_c1997.
300 _a141 s. ;
_c21 cm.
504 _aBibliogr. przy rozdz.
650 9 _aRośliny
_xuprawa
655 _aPodręczniki akademickie
700 1 _aRATUSZNIAK, Izabela
020 _a8387006467
040 _cBPK
041 0 _apl
080 _a631/635(075.8)
920 _a83-87006-46-7
942 _cKS
008 s pl f |000 0 pol
999 _c32582
_d32582
856 _uhttp://koha.tu.koszalin.pl/cgi-bin/koha/opac-detail.pl?biblionumber=32582
_yKatalog online BPK